[Event "COL-ch Amateur U2000"]
[Site "Bogota"]
[Date "2018.02.16"]
[Round "2.19"]
[White "Cruz Beltran, Andres Euclides"]
[Black "Prado Segura, Robinson Alexander"]
[Result "1/2-1/2"]
[WhiteElo "1705"]
[BlackElo "1895"]
[PlyCount "53"]
[EventDate "2018.02.15"]
[EventType "swiss"]
[EventRounds "7"]
[EventCountry "COL"]
[SourceTitle "EXT 2024"]
[Source "ChessBase"]
[SourceDate "2023.10.10"]
[SourceVersion "1"]
[SourceVersionDate "2023.10.10"]
[SourceQuality "1"]

1. e4 d5 2. exd5 Nf6 3. d4 Nxd5 4. Nf3 Bg4 5. Nc3 e6 6. Be2 Be7 7. Ne5 Bxe2 8. Qxe2 0-0 9. 0-0 c5 10. dxc5 Nxc3 11. bxc3 Bxc5 12. Qe4 Nc6 13. Nxc6 bxc6 14. Bf4 Qd5 15. Qa4 Rfd8 16. Rab1 Bb6 17. h3 Qc5 18. c4 Rd4 19. Be3 Qxc4 20. Qa3 Rdd8 21. Qe7 Re8 22. Qd7 Rad8 23. Qb7 Rb8 24. Qd7 Rbd8 25. Qb7 Rb8 26. Qd7 Rbd8 27. Qb7 1/2-1/2

[Event "COL-ch sf"]
[Site "Ubate"]
[Date "2017.10.15"]
[Round "4"]
[White "Cruz Beltran, Andres Euclides"]
[Black "Lopez Ramirez, David Santiago"]
[Result "0-1"]
[WhiteElo "1767"]
[BlackElo "1669"]
[PlyCount "104"]
[EventDate "2017.10.14"]
[EventType "swiss"]
[EventRounds "6"]
[EventCountry "COL"]
[SourceTitle "CBM 181 Extra"]
[Source "ChessBase"]
[SourceDate "2017.12.12"]
[SourceVersion "1"]
[SourceVersionDate "2017.12.12"]
[SourceQuality "1"]

1. e4 c5 2. Nf3 e6 3. d4 cxd4 4. Nxd4 Nf6 5. Nc3 Nc6 6. Bg5 Qa5 7. Bxf6 gxf6 8. Ndb5 Bb4 9. a3 Bxc3+ 10. Nxc3 a6 11. Qd2 b5 12. Be2 Bb7 13. 0-0-0 0-0-0 14. f4 Qc7 15. Bxb5 axb5 16. Nxb5 Qa5 17. Qxa5 Nxa5 18. Nd6+ Kc7 19. Nxf7 Bxe4 20. Nxd8 Rxd8 21. Rhg1 Rb8 22. Rd4 d5 23. Re1 Bf5 24. Re3 Nc4 25. Rc3 Kb7 26. b3 Nb6 27. a4 Rc8 28. Kb2 Rxc3 29. Kxc3 e5 30. fxe5 fxe5 31. Rh4 d4+ 32. Kd2 e4 33. Rf4 Bg6 34. h4 Nd5 35. Rg4 Kc6 36. h5 e3+ 37. Ke1 Bxc2 38. Rxd4 Bxb3 39. g4 Kc5 40. Re4 Bc2 41. Re5 Kd4 42. Re6 Nf4 43. Rd6+ Ke4 44. a5 Bd3 45. Kd1 Kf3 46. Rf6 Kxg4 47. a6 e2+ 48. Kd2 Ng2 49. Re6 e1Q+ 50. Rxe1 Nxe1 51. a7 Be4 52. Kxe1 Kxh5 0-1

[Event "COL-ch sf"]
[Site "Ubate"]
[Date "2017.10.15"]
[Round "3"]
[White "Marquez, Lucas Mateo"]
[Black "Cruz Beltran, Andres Euclides"]
[Result "0-1"]
[WhiteElo "1423"]
[BlackElo "1767"]
[PlyCount "96"]
[EventDate "2017.10.14"]
[EventType "swiss"]
[EventRounds "6"]
[EventCountry "COL"]
[SourceTitle "CBM 181 Extra"]
[Source "ChessBase"]
[SourceDate "2017.12.12"]
[SourceVersion "1"]
[SourceVersionDate "2017.12.12"]
[SourceQuality "1"]

1. e4 e5 2. Nf3 Nc6 3. d4 exd4 4. Bc4 Bc5 5. c3 Qf6 6. 0-0 d6 7. Re1 Nge7 8. Bg5 Qg6 9. Bxe7 dxc3 10. Nxc3 Nxe7 11. e5 0-0 12. Ne4 Bg4 13. exd6 cxd6 14. Nxc5 Nc6 15. Nxb7 Nd4 16. Qxd4 Bxf3 17. g3 Bxb7 18. Rad1 Rad8 19. Re7 Bf3 20. Rde1 d5 21. Bd3 Qh6 22. Qxa7 Rc8 23. Qd7 Rc1 24. Re8 Rxe1+ 25. Rxe1 Qd2 26. Re8 g6 27. Bf1 Qxb2 28. a4 Qa1 29. Qb5 d4 30. Rxf8+ Kxf8 31. Qb8+ Kg7 32. Qe5+ Kg8 33. Qb8+ Kg7 34. Qe5+ Kg8 35. Qb8+ Kg7 36. Qe5+ Kf8 37. Qb8+ Ke7 38. Qf4 Bd5 39. Qc7+ Ke6 40. Qb6+ Ke7 41. Qc5+ Ke6 42. Qb6+ Ke5 43. f4+ Ke4 44. Qf6 Kf3 45. Qh4 Qe1 46. Qh3 Qf2+ 47. Kh1 Ke3+ 48. Qg2 Qxf1# 0-1

[Event "COL-ch sf"]
[Site "Ubate"]
[Date "2017.10.14"]
[Round "2"]
[White "Cruz Beltran, Andres Euclides"]
[Black "Higarrero, Juan David"]
[Result "0-1"]
[WhiteElo "1767"]
[BlackElo "1536"]
[PlyCount "58"]
[EventDate "2017.10.14"]
[EventType "swiss"]
[EventRounds "6"]
[EventCountry "COL"]
[SourceTitle "CBM 181 Extra"]
[Source "ChessBase"]
[SourceDate "2017.12.12"]
[SourceVersion "1"]
[SourceVersionDate "2017.12.12"]
[SourceQuality "1"]

1. e4 c5 2. Nf3 d6 3. Nc3 Nf6 4. d4 cxd4 5. Nxd4 a6 6. Bg5 e6 7. f4 h6 8. Bh4 Qb6 9. a3 Be7 10. Bf2 Qc7 11. Qf3 0-0 12. 0-0-0 b5 13. g4 Bb7 14. Rg1 Nbd7 15. g5 hxg5 16. fxg5 Nh7 17. h4 Rac8 18. Be3 g6 19. Kb1 Nc5 20. h5 e5 21. Nb3 Nxe4 22. Nxe4 Qxc2+ 23. Ka2 Bxe4 24. Qg4 Bf5 25. Qf3 Rc3 26. Bc4 bxc4 27. Na1 Rxa3+ 28. Kxa3 d5+ 29. Bc5 Bxc5+ 0-1

[Event "COL-chT"]
[Site "Ibague"]
[Date "2017.07.20"]
[Round "3.2"]
[White "Cruz Beltran, Andres Euclides"]
[Black "Sanchez Lopez, Luis Antonio"]
[Result "1/2-1/2"]
[WhiteElo "1665"]
[BlackElo "1810"]
[PlyCount "63"]
[EventDate "2017.07.19"]
[EventType "team-swiss"]
[EventRounds "6"]
[EventCountry "COL"]
[SourceTitle "CBM 179 Extra"]
[Source "ChessBase"]
[SourceDate "2017.08.23"]
[SourceVersion "1"]
[SourceVersionDate "2017.08.23"]
[SourceQuality "1"]
[WhiteTeam "Cundinamarca Juvenil"]
[BlackTeam "San Andres"]
[WhiteTeamCountry "COL"]
[BlackTeamCountry "COL"]

1. e4 c5 2. Nf3 Nc6 3. d4 cxd4 4. Nxd4 Nf6 5. Nc3 d6 6. Bg5 e6 7. f4 a6 8. Qd2 Be7 9. 0-0-0 Qc7 10. g4 e5 11. Nf5 Bxf5 12. gxf5 Rd8 13. Bxf6 Bxf6 14. Nd5 Qa5 15. Qxa5 Nxa5 16. Nxf6+ gxf6 17. Rg1 Ke7 18. b4 Nc6 19. c3 exf4 20. Be2 Rdg8 21. h3 Ne5 22. Rgf1 Rg2 23. Rd2 Rg3 24. Kc2 Rxh3 25. Rxf4 Rc8 26. Bd3 h5 27. Rff2 h4 28. Rh2 Rxh2 29. Rxh2 Rh8 30. Be2 b5 31. Kd2 Kd7 32. Ke3 1/2-1/2

[Event "Zipaquira sf3 U16"]
[Site "Zipaquira"]
[Date "2017.03.31"]
[Round "3.6"]
[White "Cruz Beltran, Andres Euclides"]
[Black "Carvajal Pena, Dilan Ricardo"]
[Result "1-0"]
[WhiteElo "1606"]
[BlackElo "1421"]
[PlyCount "39"]
[EventDate "2017.03.30"]
[EventType "swiss"]
[EventRounds "6"]
[EventCountry "COL"]
[SourceTitle "EXT 2024"]
[Source "ChessBase"]
[SourceDate "2023.10.10"]
[SourceVersion "1"]
[SourceVersionDate "2023.10.10"]
[SourceQuality "1"]

1. e4 c5 2. Nf3 d6 3. d4 cxd4 4. Nxd4 Nf6 5. Nc3 a6 6. Bg5 e6 7. f4 Qb6 8. Nb3 Nc6 9. Qd2 Qc7 10. 0-0-0 Be7 11. f5 b5 12. Bxf6 gxf6 13. a3 Rb8 14. fxe6 fxe6 15. Be2 h5 16. h4 b4 17. axb4 Nxb4 18. g4 Bf8 19. g5 Rb6 20. Rhg1 1-0

[Event "Zipaquira sf3 U16"]
[Site "Zipaquira"]
[Date "2017.03.31"]
[Round "2.2"]
[White "Ruiz Agudelo, Santiago"]
[Black "Cruz Beltran, Andres Euclides"]
[Result "1-0"]
[WhiteElo "1913"]
[BlackElo "1606"]
[PlyCount "89"]
[EventDate "2017.03.30"]
[EventType "swiss"]
[EventRounds "6"]
[EventCountry "COL"]
[SourceTitle "EXT 2024"]
[Source "ChessBase"]
[SourceDate "2023.10.10"]
[SourceVersion "1"]
[SourceVersionDate "2023.10.10"]
[SourceQuality "1"]

1. e4 e5 2. Nf3 Nc6 3. Bb5 a6 4. Ba4 Nf6 5. 0-0 b5 6. Bb3 Be7 7. Re1 d6 8. c3 0-0 9. h3 Nb8 10. d4 Nbd7 11. Nbd2 Bb7 12. Bc2 Re8 13. Nf1 Bf8 14. Ng3 g6 15. Bg5 h6 16. Bd2 c5 17. d5 c4 18. b4 cxb3 19. axb3 Rc8 20. Nh2 Nc5 21. f4 exf4 22. Bxf4 Bg7 23. Rc1 Qc7 24. Bb1 Ncd7 25. Nf3 Ne5 26. Nxe5 dxe5 27. Be3 Rcd8 28. c4 bxc4 29. bxc4 Bf8 30. c5 Nxd5 31. exd5 Bxd5 32. Qg4 Qc6 33. Be4 Bg7 34. Bxd5 Rxd5 35. Qc4 Kh7 36. Ra1 Ra8 37. Red1 Rxd1+ 38. Rxd1 f5 39. Rd6 Qc7 40. Bf2 a5 41. Qe6 f4 42. Qxg6+ Kh8 43. Nf5 e4 44. Nxg7 Qxg7 45. Bd4 1-0